| 000 | 00548nam a2200205Ia 4500 | ||
|---|---|---|---|
| 005 | 20250923150005.0 | ||
| 008 | 008 250917s9999 xx 000 0 eng d | ||
| 037 | _aTextual | ||
| 040 |
_aDSWL _beng _cDSWL |
||
| 041 |
_aeng _2eng |
||
| 084 | _qDSWL | ||
| 100 |
_aLala, R.M. _9841046 |
||
| 245 | 4 |
_aThe hearbeat of a trust : The story of Sir Dorabji Tata Trust _c by R.M. Lala |
|
| 260 |
_aNew Delhi _bTata McGraw Hill _c1998 |
||
| 300 | _axx,227 p. | ||
| 365 | _bGift | ||
| 925 | _gGift | ||
| 942 | _cTEXL | ||
| 999 |
_c1458222 _d1458222 |
||